Simulačný systém s diferenciálnym analyzátorom

Saved in:
Bibliographic Details
Main Author Štubňová, Zuzana (Dissertant)
Other Authors Krejčiřík, Jan (Thesis advisor)
Format Manuscript Book
LanguageSlovak
Published Zlín, 1991
Subjects
Physical Description57 s.

Cover

LEADER 00000ctm a22000007a 4500
001 15537
003 CZ-ZlUTB
005 20240830153847.0
008 950218s1991^ xr ||||| ||||| |||||slo|d
040 |a ZLD002  |b cze  |c ZLD002  |d ZLD002 
072 7 |a 519.1/.8  |x Kombinatorika. Teorie grafů. Matematická statistika. Operační výzkum. Matematické modelování  |2 Konspekt  |9 13 
100 1 |a Štubňová, Zuzana  |4 dis 
245 1 0 |a Simulačný systém s diferenciálnym analyzátorom  |h [rukopis] /  |c Zuzana Štubňová ; [vedoucí práce Jan Krejčiřík] 
260 |a Zlín,  |c 1991 
300 |a 57 s. 
650 0 4 |a analyzátory 
650 0 4 |a diferenciální 
650 0 4 |a identifikace 
650 0 4 |a simulace 
655 7 |a diplomové práce  |7 fd132022  |2 czenas 
700 1 |a Krejčiřík, Jan  |4 ths 
710 2 |a Vysoké učení technické v Brně.  |b Fakulta technologická ve Zlíně.  |b Katedra automatizované systémy řízení  |4 dgg 
952 |0 0  |1 0  |4 0  |6 D1991ŠTUBŇOVÁZ  |7 0  |8 MANUS  |9 26394  |a UTBZL  |b UTBZL  |c 001  |d 2006-07-29  |i 3248/D  |l 0  |o D1991/ŠTUBŇOVÁ,Z.  |p 420010023005  |r 2019-08-25 00:00:00  |w 2019-08-25  |x 20100831  |y 12 
992 |a DS 
999 |c 15537  |d 15537 
993 |x NEPOSILAT  |y VSKP